000 00528nam a2200181Ia 4500
999 _c30153
_d30153
003 OSt
005 20201125104633.0
008 190216s9999||||xx |||||||||||||| ||und||
020 _a9788192285672
040 _coclc
082 _a894.8123
_bSAI/C
100 _aSail, Mahabaleshwar
_96924
245 0 _aChoola /
_cMahabaleshwar Sail
260 _bKonkani Language And Cultural Foundation,
_c2011.
_aMangalore:
300 _a182p
650 _aNovel
942 _cBK
_2ddc
_h894.8123
_iSAI/C
_k894.8123
_mSAI/C